000
00282nam a2200133Ia 4500
100
_a
Marathe/ Milind S
942
_c
BK
654
_a
electrical
245
_a
Electrical Network
260
_b
Nandu Pub
_a
Pune
_c
1999
082
_a
621.319
_b
MAR
300
_a
416
546
_a
ENGLISH
999
_c
32624
_d
32624